| 000 | 00906nam a2200277 a 4500 | ||
|---|---|---|---|
| 001 | rea00030963 | ||
| 005 | 20190703210151.0 | ||
| 008 | s2004 e 001 0 eng d | ||
| 020 | _a2825413550 | ||
| 035 | _z56998 | ||
| 039 |
_a30958 _cTLC |
||
| 245 | 0 | 2 |
_aA history of the ecumenical movement : _b1968-2000 / _cedited by John Briggs, Mercy Amba Oduyoye and George Tsetsis. |
| 260 |
_aGeneva : _bWCC Publications, _c2004. |
||
| 300 |
_axix, 697p ; _c24 cm. |
||
| 504 | _aIncludes bibliographical references. | ||
| 506 | _aOpen access. | ||
| 650 | 0 |
_aChristian union _xHistory. |
|
| 650 | 0 |
_aEcumenical movement _xHistory. |
|
| 650 | 0 |
_aChurch history _xModern period, 1500- |
|
| 700 | 1 | _aBriggs, John ed. | |
| 700 | 1 | _aOduyoye, Mercy Amba ed. | |
| 700 | 1 | _aTsetsis, Georges ed. | |
| 949 |
_aBMAIN _cBX6.5 _d.R6 2004 _g56998 _5N |
||
| 961 | _t1 | ||
| 999 |
_c5958 _d5958 |
||